00584nam a2200181 a 450000100100000000500170001000800410002704000250006808200160009310000200010924500600012925000110018926000330020030000210023350000340025450400740028853400400036200002338020200930022158.0101206s1966 ck r 001 0 spa d aDO-SdBNPbspacBNPHU axxxxbP618c1 aPierini, Franco10aCatecismo del Concilio Vaticano IIo. /cFranco Pierini. a2a ed. aBogotá :bPaulinas,c1966. a401 p. ;c17 cm. aIncluye índice de materias. aIncluye referencias bibliográficas y notas al pie de las páginas. aCatechismo del Concilio Vaticano II